| 000 | 00571nam a22001697a 4500 | ||
|---|---|---|---|
| 999 |
_c62600 _d62600 |
||
| 005 | 20241216121717.0 | ||
| 008 | 241216c2005 enk||||| |||| 00| 0 eng d | ||
| 022 | _a13033646 | ||
| 245 |
_aJOURNAL OF CELL AND MOLECULAR BIOLOGY / _bVolume 4 # 1 2005. |
||
| 260 |
_aIstanbul : _c2005. |
||
| 300 | _aV. | ||
| 653 | _a ბიოლოგია | ||
| 653 | _aუჯრედის ბიოლოგია | ||
| 653 | _aბიოქიმია და მოლეკულური ბიოლოგია | ||
| 653 | _a პერიოდიკა | ||
| 942 |
_2udc _cCR |
||